'EM' Words Quiz Stats

 Plays Quiz Updated Aug 15, 2015

Challenge
Share
Tweet
Embed
Score 0/26 Timer 08:00
5 Plays Today
EM Answer % Correct
A _ _ _ E Manthem
99.1%
B _ _ _ _ _ _ E MBethlehem
96.4%
F E M _ _femur
93.6%
N _ _ E M _ _ _November
91.7%
M E M _ _ _ _Memphis
90.9%
S E M _ _ _ _ _semester
90.9%
D E M _ _ _ _ _ _ _Democratic
90.8%
G _ _ _ E M _ _ _Guatemala
85.2%
Y _ _ E M _ _ _Yosemite
84.2%
H E M _ _ _ _ _ _ _Hemoglobin
82.1%
K _ E M _ _ _Kremlin
79.8%
R _ _ E M _ _ _rosemary
76.2%
W E M _ _ _ _Wembley
74.7%
EM Answer % Correct
J _ _ E M _ _ _Jeremiah
70.1%
T _ _    _ E M _ _ _ _The Tempest
69.2%
V _ _ E M _ _ _Vegemite
65.6%
X _ _ E Mxylem
60.5%
E _ E M _edema
57.9%
L _    _ _ _ E M _La bohème
55.8%
C _ _ _ _ E M _ _ _ _Charlemagne
53.1%
U _ _ _ _    _ E M _ _Uncle Remus
46.2%
P _ _ _ E M _Ptolemy
44.9%
O _ _ _ _ E M _ _Orangemen
42.5%
I _ _ E M _ _Ingemar
19.1%
Z _ _ _ _ E M _ _ _ _ _zoochemistry
13.8%
Q _ E M _ _Quemoy
5.6%

You're not logged in!

Compare scores with friends on all Sporcle quizzes.
Join for Free
OR
Log In

You Might Also Like...

Show Comments

Extras

Top Quizzes Today


Score Distribution

Your Account Isn't Verified!

In order to create a playlist on Sporcle, you need to verify the email address you used during registration. Go to your Sporcle Settings to finish the process.

Report this User

Report this user for behavior that violates our Community Guidelines.

Details: